|
|
|
|
| LEADER |
00000nam a22000007a 4500 |
| 005 |
20190912222233.0 |
| 007 |
cr|||| |||| |
| 008 |
190912t20159999xxukr||os|||| 0|||b1eng d |
| 035 |
|
|
|a 12741
|
| 040 |
|
|
|a vLEx
|
| 090 |
|
|
|c 9505
|d 9505
|
| 245 |
0 |
0 |
|a Prc̀ticos Colombia
|h [Recurso electrn̤ico] /
|
| 256 |
|
|
|a Servicio en ln̕ea
|
| 300 |
|
|
|a 1 recurso electrn̤ico
|
| 310 |
|
|
|a Actualizado continuamente
|
| 506 |
1 |
|
|a Disponible solo en los productos indicados
|d vLex Global
|d vLex Global (Academic Edition, excluding Law Schools)
|d vLex Global (U.S. Academic Edition, Law Schools)
|d vLex Global (U.S. Academic Edition, excluding Law Schools)
|d vLex Global (Academic Edition, Law Schools)
|
| 650 |
0 |
4 |
|a Derecho Civil
|z Colombia
|
| 740 |
0 |
|
|a Prc̀ticos vLex (servicio en ln̕ea)
|
| 856 |
4 |
0 |
|u http://vlex.com/source/12741
|z Acceso restringido
|
| 942 |
|
|
|c REV
|
| 999 |
0 |
|
|a Civil Law
|